| 000 | 01381nam a22002657a 4500 | ||
|---|---|---|---|
| 001 | 002145086 | ||
| 003 | DO-SdBNP | ||
| 005 | 20161205100001.0 | ||
| 007 | 002145086 | ||
| 008 | 161205b 1986 sp a ||||| |||| 00| 0 spa d | ||
| 020 | _a8471768992 | ||
| 040 |
_aBPMSU _bspa _cBPMSU |
||
| 082 |
_axxxx _bxxxx |
||
| 100 | 1 | _aMasters, M. | |
| 240 | 1 |
_aHawkeye Collins & Amy Adams in The case of the clever computer crooks & other mysteries. _lEspañol |
|
| 245 | 1 | 0 |
_aEl caso de los ladrones de ordenadores : _by ocho casos más / _cM. Masters ; ilustraciones de interiores y cubierta: Ismael Balanyà ; traducción al castellano: Horacio González Trejo. |
| 260 |
_aBarcelona : _bTimun Mas, _c1986. |
||
| 300 |
_a119, [3] p. : _bil. ; _c18 cm. |
||
| 490 | 1 |
_aResuelve el misterio _v5 |
|
| 505 | 0 |
_tEl caso de los ladrones de ordenadores -- _tEl secreto del broche de esmeeraldas -- _tEl casto del timo de la <<nueva ola>> -- _tEl caso del robo del dibujo de Miguel Angel -- _tEl caso de las gemas sin pulir -- _tEl secreto del pirata de la sala de concietos -- _tEl caso de las grandes pisadas falsas -- _tEl enigma del bandido de la hucha -- _tEl caso del secuestro del príncipe. III. El Laberinto de los Espejos -- _tSoluciones. |
|
| 700 | 1 | 2 |
_aBalanyà, Ismael, _eil. |
| 830 |
_aResuelve el misterio ; _v5 |
||
| 942 |
_2ddc _cBK |
||
| 956 |
_2LOPEREZ _310 _620161205 _8BPMSU _a00041 |
||
| 999 |
_c12254 _d12254 |
||